| 000 | 00459nam a22001697a 4500 | ||
|---|---|---|---|
| 005 | 20160406151325.0 | ||
| 008 | 160406b xxu||||| |||| 00| 0 spa d | ||
| 082 |
_a972.862 _bC764t |
||
| 100 |
_aContreras Alvarez, Gerardo _97702 |
||
| 245 | _aTurrialba : ahí en la campiña azucarera | ||
| 260 |
_aCosta Rica _bG. Contreras _c2015 |
||
| 300 | _a158 páginas | ||
| 650 |
_aTURRIALBA _92458 |
||
| 650 |
_aCARTAGO _91052 |
||
| 650 |
_aHISTORIA _943 |
||
| 942 | _cBK | ||
| 999 |
_c7905 _d7905 |
||